00530 a2200193 450000500170000001000150001702000260003203500140005803700100007203700120008208200080009410000190010224500490012126000400017027000710021030000240028149000060030565000250031120250108152646.0 aENG-143228 a9789390961108c450.00 aEN-126760 bDBAD  bVitasta a921 aPadaki, Vijay  aFootprints and other plays/cBy Vijay Padaki aNew DelhibVitasta Publishingc2007 a2/15, Ist Floor, Ansari Road, Darya GanjbNew DelhicDelhie110002 axiii,333pc21cm(pb) v4 aBiographyxpolitical